| 000 | 00826pam a2200253 a 4500 | ||
|---|---|---|---|
| 001 | 015790930 | ||
| 003 | Uk | ||
| 005 | 20130211123301.0 | ||
| 008 | 110407s2012 njua b 001 0 eng d | ||
| 020 | _a0132719886 (pbk.) | ||
| 020 | _a9780132719889 (pbk.) : | ||
| 082 | 0 | 4 |
_a628.1 _223 _bHAM |
| 100 | 1 |
_aHammer, Mark J., _d1931- _932558 |
|
| 245 | 1 | 0 |
_aWater and Wastewater Technology / _cMark J. Hammer, Mark J. Hammer, Jr. |
| 250 | _a7th ed., International ed. | ||
| 260 |
_aUpper Saddle River : _bPearson Prentice Hall, _cc2012. |
||
| 300 |
_axi, 460 p. : _bill. ; _c28 cm. |
||
| 504 | _aIncludes bibliographical references and index. | ||
| 650 | 0 |
_aWater-supply engineering. _932559 |
|
| 650 | 0 |
_aSewage disposal. _932560 |
|
| 653 |
_bCiv _cFebruary2013 |
||
| 700 | 1 |
_aHammer, Mark J., _d1957- _932561 |
|
| 942 |
_2ddc _cBB |
||
| 999 |
_c17281 _d17253 |
||